000 00698nam a2200217Ii 4500
003 JO-AjNU
008 230605s9999||||xx |||||||||||||| ||und||
017 _a2007/7/2316
040 _aJO-AjNU
_bara
_erda
_cJO-AjNU
041 _aara
050 1 4 _aRC455.S29 2010
100 3 _aبطرس ، بطرس حافظ,
_eauthor
_927919
245 0 0 _aالمشكلات النفيسة وعلاجها
250 _aط2
264 3 1 _aعمان:دار الصفاء للنشر ، 2010
300 _a496ص
336 _atext
_btxt
_2rdacontent
337 _aunmediated
_bn
_2rdamedia
338 _avolume
_bnc
_2rdacarrier
650 4 _aالامراض النفسية-علم النفس الاكلينكي
_927920
999 _aA10766
_c14334
_d14334